<?xml version="1.0" encoding="UTF-8"?>
<record
    xmlns:xsi="http://www.w3.org/2001/XMLSchema-instance"
    xsi:schemaLocation="http://www.loc.gov/MARC21/slim http://www.loc.gov/standards/marcxml/schema/MARC21slim.xsd"
    xmlns="http://www.loc.gov/MARC21/slim">

  <leader>00407nam a22001577a 4500</leader>
  <controlfield tag="003">OSt</controlfield>
  <controlfield tag="005">20231121094228.0</controlfield>
  <controlfield tag="008">211021b        xxu||||| |||| 00| 0 eng d</controlfield>
  <datafield tag="020" ind1=" " ind2=" ">
    <subfield code="a">9788170336686</subfield>
  </datafield>
  <datafield tag="040" ind1=" " ind2=" ">
    <subfield code="c">IIMTU UNIVERSITY, MEERUT</subfield>
  </datafield>
  <datafield tag="100" ind1=" " ind2=" ">
    <subfield code="a">S.L.DOSHI AND P.C. JAIN</subfield>
  </datafield>
  <datafield tag="245" ind1=" " ind2=" ">
    <subfield code="a">PRAMUKHA SAMAJSHASTRIYA VICAREK</subfield>
  </datafield>
  <datafield tag="260" ind1=" " ind2=" ">
    <subfield code="a">NEW DELHI</subfield>
    <subfield code="b">RAWAT PUBLICATION</subfield>
    <subfield code="c">2020</subfield>
  </datafield>
  <datafield tag="300" ind1=" " ind2=" ">
    <subfield code="a">371</subfield>
  </datafield>
  <datafield tag="942" ind1=" " ind2=" ">
    <subfield code="2">ddc</subfield>
    <subfield code="c">02</subfield>
  </datafield>
  <datafield tag="999" ind1=" " ind2=" ">
    <subfield code="c">50929</subfield>
    <subfield code="d">50929</subfield>
  </datafield>
  <datafield tag="952" ind1=" " ind2=" ">
    <subfield code="0">0</subfield>
    <subfield code="1">0</subfield>
    <subfield code="2">ddc</subfield>
    <subfield code="4">0</subfield>
    <subfield code="7">0</subfield>
    <subfield code="a">01</subfield>
    <subfield code="b">01</subfield>
    <subfield code="d">2021-10-21</subfield>
    <subfield code="e">ARISTA</subfield>
    <subfield code="g">295.00</subfield>
    <subfield code="i">HO/IN/15/13/10/2021</subfield>
    <subfield code="p">01-B-133225</subfield>
    <subfield code="r">2021-10-21</subfield>
    <subfield code="u">social science</subfield>
    <subfield code="w">2021-10-21</subfield>
    <subfield code="y">02</subfield>
  </datafield>
  <datafield tag="952" ind1=" " ind2=" ">
    <subfield code="0">0</subfield>
    <subfield code="1">0</subfield>
    <subfield code="2">ddc</subfield>
    <subfield code="4">0</subfield>
    <subfield code="7">0</subfield>
    <subfield code="a">01</subfield>
    <subfield code="b">01</subfield>
    <subfield code="d">2021-10-21</subfield>
    <subfield code="e">ARISTA</subfield>
    <subfield code="g">295.00</subfield>
    <subfield code="i">HO/IN/15/13/10/2021</subfield>
    <subfield code="p">01-B-133226</subfield>
    <subfield code="r">2021-10-21</subfield>
    <subfield code="u">social science</subfield>
    <subfield code="w">2021-10-21</subfield>
    <subfield code="y">02</subfield>
  </datafield>
  <datafield tag="952" ind1=" " ind2=" ">
    <subfield code="0">0</subfield>
    <subfield code="1">0</subfield>
    <subfield code="2">ddc</subfield>
    <subfield code="4">0</subfield>
    <subfield code="7">0</subfield>
    <subfield code="a">01</subfield>
    <subfield code="b">01</subfield>
    <subfield code="d">2021-10-21</subfield>
    <subfield code="e">ARISTA</subfield>
    <subfield code="g">295.00</subfield>
    <subfield code="i">HO/IN/15/13/10/2021</subfield>
    <subfield code="p">01-B-133227</subfield>
    <subfield code="r">2021-10-21</subfield>
    <subfield code="u">social science</subfield>
    <subfield code="w">2021-10-21</subfield>
    <subfield code="y">02</subfield>
  </datafield>
  <datafield tag="952" ind1=" " ind2=" ">
    <subfield code="0">0</subfield>
    <subfield code="1">0</subfield>
    <subfield code="2">ddc</subfield>
    <subfield code="4">0</subfield>
    <subfield code="7">0</subfield>
    <subfield code="a">01</subfield>
    <subfield code="b">01</subfield>
    <subfield code="d">2021-10-21</subfield>
    <subfield code="e">ARISTA</subfield>
    <subfield code="g">295.00</subfield>
    <subfield code="i">HO/IN/15/13/10/2021</subfield>
    <subfield code="l">2</subfield>
    <subfield code="p">01-B-133228</subfield>
    <subfield code="r">2025-10-31</subfield>
    <subfield code="s">2025-07-22</subfield>
    <subfield code="u">social science</subfield>
    <subfield code="w">2021-10-21</subfield>
    <subfield code="y">02</subfield>
  </datafield>
  <datafield tag="952" ind1=" " ind2=" ">
    <subfield code="0">0</subfield>
    <subfield code="1">0</subfield>
    <subfield code="2">ddc</subfield>
    <subfield code="4">0</subfield>
    <subfield code="7">0</subfield>
    <subfield code="a">01</subfield>
    <subfield code="b">01</subfield>
    <subfield code="d">2021-10-21</subfield>
    <subfield code="e">ARISTA</subfield>
    <subfield code="g">295.00</subfield>
    <subfield code="i">HO/IN/15/13/10/2021</subfield>
    <subfield code="l">1</subfield>
    <subfield code="p">01-B-133229</subfield>
    <subfield code="r">2023-03-13</subfield>
    <subfield code="s">2022-10-11</subfield>
    <subfield code="u">social science</subfield>
    <subfield code="w">2021-10-21</subfield>
    <subfield code="y">02</subfield>
  </datafield>
</record>
